000
00309nam a2200109Ia 4500
008
200302s9999 xx 000 0 und d
100
_a
Andre Gabriel
245
_a
Guide De Larchitecture Des Monuments To the Architecture of Monuments Paris
260
_b
A Alternatives Ltd.
260
_c
1998
300
_a
287 P.,
999
_c
2203
_d
2203